|
|
|
|
| LEADER |
00000nam0a2200000 4500 |
| 001 |
353547 |
| 005 |
20231102010614.0 |
| 035 |
|
|
|a (RuTPU)RU\TPU\retro\10804
|
| 035 |
|
|
|a RU\TPU\retro\10803
|
| 090 |
|
|
|a 353547
|
| 100 |
|
|
|a 20200518d1973 k y0rusy50 ca
|
| 101 |
0 |
|
|a rus
|
| 102 |
|
|
|a RU
|
| 105 |
|
|
|a b z 001zy
|
| 200 |
1 |
|
|a Новые данные по рудным полезным ископаемым Сибири
|f Сибирский научно-исследовательский институт геологии, геофизики и минерального сырья (СНИИГГиМС) ; под ред. Р. Г. Матухина
|
| 210 |
|
|
|a Новосибирск
|c Изд-во СНИИГГиМС
|d 1973
|
| 215 |
|
|
|a 118 с.
|c ил.
|
| 225 |
1 |
|
|a Труды Сибирского научно-исследовательского института геологии, геофизики и минерального сырья (СНИИГГИМС)
|v Вып. 171
|
| 320 |
|
|
|a Библиогр. в конце ст.
|
| 606 |
1 |
|
|a Рудные месторождения, магматические
|2 stltpush
|3 (RuTPU)RU\TPU\subj\25982
|9 50010
|
| 610 |
1 |
|
|a Сибирь
|
| 610 |
1 |
|
|a эндогенное оруденение
|
| 610 |
1 |
|
|a прогнозирование
|
| 610 |
1 |
|
|a интрузивные комплексы
|
| 610 |
1 |
|
|a Горная Шория
|
| 610 |
1 |
|
|a магнетитовые руды
|
| 610 |
1 |
|
|a тектониты
|
| 610 |
1 |
|
|a стратиграфия
|
| 610 |
1 |
|
|a золотоносные месторождения
|
| 610 |
1 |
|
|a платина
|
| 610 |
1 |
|
|a зональность
|
| 610 |
1 |
|
|a редкие металлы
|
| 610 |
1 |
|
|a цветные металлы
|
| 675 |
|
|
|a 553.3/.4.062
|v 3
|
| 702 |
|
1 |
|a Корель
|b В. Г.
|4 340
|
| 702 |
|
1 |
|a Рабинович
|b К. Р.
|4 340
|
| 712 |
0 |
2 |
|a Сибирский научно-исследовательский институт геологии, геофизики и минерального сырья (СНИИГГиМС)
|c (Новосибирск)
|2 stltpush
|3 (RuTPU)RU\TPU\col\322
|
| 801 |
|
1 |
|a RU
|b 63413507
|c 20130123
|
| 801 |
|
2 |
|a RU
|b 63413507
|c 20200518
|g RCR
|
| 942 |
|
|
|c BK
|